Statistiques concernant Mots de la langue française terminés par "ase"

Cliquez ici pour prendre le quiz!

Statistiques générales

  • Ce quiz a été pris 94 fois
  • Le résultat moyen est 10 sur 20

Statistiques - réponses

HintRéponse% Correct
femelle du lièvrehase
93%
cheval ailéPégase
90%
habitationcase
85%
soclebase
83%
salle de sportgymnase
81%
neznase
74%
récpientvase
73%
cellule cancéreusemétastase
69%
région d'EurasieCaucase
63%
opportunité (familier)occase
61%
béatitudeextase
59%
périodephase
54%
unité grammaticalephrase
44%
atarobase
35%
exagérationemphase
34%
congestionstase
26%
édit du tsarukase
16%
surface d'appuiembase
6%
enzymediastase
4%
racloir de boulangerfrase
1%

Distribution des résultats

Percentile par nombre de réponses

% des personnes avec chaque résultat

Votre développement - résultats

Vous n’avez pas pris ce quiz